000 01114nam0a22003251 4500
001 rc\3300578
005 20130115145756.9
021 _aRU
_b[74-40571]
035 _a(NLR Aleph) 007500264
090 _a7663541
_c7663541
100 _a20130115d1974 |||y0rusy50 ca
101 1 _arus
_ceng
102 _aRU
105 _aa z |||||
200 1 _aТри билета до Эдвенчер
_aПуть кенгуренка
_e[Пер. с англ.
_fПослесл. В.Е. Флинта
205 _a2-е изд.
210 _aМосква
_cМысль
_d1974]
215 _a327 с.
_cил.
_d20
225 1 _a[Рассказы о природе]
300 _aНа обороте тит. л.: Gerald Durrell. Three singles to Adventure. Two in the bush
517 0 _aTwo in the bush
517 0 _aThree singles to Adventure
606 _aЖивотные
_2psbo
700 1 _aДаррелл
_bД.
_f1925-1995
_gДжеральд
_3RU\NLR\auth\771450
_4070
702 1 _aФлинт
_bВ. Е.
_4080
801 0 _aRU
_bNLR
_gpsbo
801 1 _aRU
_bELAR
_2rusmarc
852 _aNLR
_j73-3/13516
942 _cBOOK
980 _aNB